|
|
|
|
| LEADER |
00000cam a2200000 7i4500 |
| 001 |
0000003988 |
| 005 |
20130815.0 |
| 020 |
0 |
0 |
|a 9789671070444
|
| 090 |
0 |
0 |
|a 320.9595
|b MYO M 2012
|
| 100 |
0 |
0 |
|a Mohd. Yusof Hj. Othman
|
| 245 |
1 |
0 |
|a Gagasan 1Malaysia: :
|b kreativiti & inovasi dalam pembinaan peradaban
|c Moh. Yusof Hj. Othman
|
| 260 |
0 |
0 |
|a Putrajaya :
|b Akademi Kenegaraan BTN ,
|c 2012
|
| 300 |
|
|
|a xii, 111p.: :
|b .ill. ;
|c 22 cm.
|
| 650 |
0 |
0 |
|a Creativity
|
| 650 |
0 |
0 |
|a Inventions
|z Malaysia
|
| 650 |
0 |
0 |
|a Malaysia
|z Social policy
|
| 998 |
|
|
|a JPSM
|
| 999 |
|
|
|a 007772
|b Monograph
|c Open Shelf
|e Default branch
|